000
00336nam a2200133Ia 4500
008
220216s9999 xx 000 0 und d
245
0
_a
Covers and fertilisers for immature rubber
260
_b
Planters Bulletin
_c
1967
300
_a
66-72
650
_a
Cover crops
650
_a
Fertilisers
650
_a
Immature rubber
942
_c
JS
999
_c
56482
_d
56482